000 00831nam a2200217Ia 4500
003 GCL
008 140319s9999 xx 000 0 ara d
040 _aGCL /
_cGCL
082 0 4 _aط
_b620
_bد س
100 1 _aانور عبدالواحد
245 1 0 _aسلسلة الشروق العلمية:كيف تعمل-الباخرة-التلفزيون-السيارة-الطائرة-الصاروخ-القاطرة-الموتوسيكل /
_cانور عبدالواحد
700 1 _aسيد رمضان هدارة
260 _aالقاهرة :
_bدار الشروق ،
_c1993
300 _aمتعدد ؛
_c15سم
490 _aسلسلة الشروق العلمية: كيف يعمل
_v0
650 0 4 _aالاطفال
650 0 4 _aالقصص
650 0 4 _aقصص الاطفال
650 0 4 _aالقصص العلمية
942 _2ddc
_cBK
999 _c56367
_d56367